| 000 | 00786nam a22001217a 4500 | ||
|---|---|---|---|
| 040 | _cRUA | ||
| 082 | _aLMA PIN 2025 B701 Or.1 | ||
| 100 | _aPIN DYNA, ភិន ឌីណា | ||
| 245 | _aA study of the practice of land granting during the land registration process with A systemic character in k ampong kong commune koh thom district kandal province, សិក្សាពីការធ្វើប្រទានកម្មក្នុងរង្វង់ញាតិអំឡុងពេលចុះបញ្ជីដីធ្លីមានលក្ខណៈជាប្រព័ន្ធ នៅឃុំកំពង់កុង ស្រុកកោះធំ ខេត្តកណ្ដាល | ||
| 260 |
_aPHNOM PENH _bRUA _c2025 |
||
| 300 |
_ax,39p. _bill. _c29cm. |
||
| 942 | _cLMA | ||
| 999 |
_c25770 _d25770 |
||